000 00832cam a22002531 4500
001 he 65001576
003 DLC
005 20260227111434.0
008 830119s1965 is b 001 0 hebr
010 _ahe 65001576
035 _a(OCoLC)9143081
040 _aDLC
_cODaU
_dOCoLC
_dDLC
042 _apremarc
050 0 0 _aBM488.M3
_bA2 1965
130 0 _aManual of discipline.
245 1 0 _aMegilat ha-serakhim.
260 _aYerushalaym :
_bMussaad Bialik,
_c5725 [i.e. 1965]
300 _a12, 316, xi p. ;
_c25 cm.
500 _aAdded t.p.: The Rule scroll; a scroll from the wilderness of Judaea 1QS, 1QSa, 1QSb. Text, introduction and commentary by Jacob Licht.
500 _aIncludes index.
500 _aTable of contents in Hebrew and English.
504 _aBibliography: p. 307-311.
700 1 _aLicht, Jacob,
_eed.
999 _c31424
_d31424